<?xml version="1.0" encoding="UTF-8"?>
<record
    xmlns:xsi="http://www.w3.org/2001/XMLSchema-instance"
    xsi:schemaLocation="http://www.loc.gov/MARC21/slim http://www.loc.gov/standards/marcxml/schema/MARC21slim.xsd"
    xmlns="http://www.loc.gov/MARC21/slim">

  <leader>01710nam a2200193Ia 4500</leader>
  <controlfield tag="005">20230502144234.0</controlfield>
  <controlfield tag="008">220524s9999    xx            000 0 und d</controlfield>
  <datafield tag="020" ind1=" " ind2=" ">
    <subfield code="a">9780023287718</subfield>
  </datafield>
  <datafield tag="041" ind1=" " ind2=" ">
    <subfield code="a">eng</subfield>
  </datafield>
  <datafield tag="082" ind1=" " ind2=" ">
    <subfield code="a">746</subfield>
  </datafield>
  <datafield tag="100" ind1=" " ind2=" ">
    <subfield code="a">Dickerson K.G.</subfield>
    <subfield code="9">181328</subfield>
  </datafield>
  <datafield tag="245" ind1=" " ind2=" ">
    <subfield code="a">Textiles and Apparel in the International Economy</subfield>
  </datafield>
  <datafield tag="260" ind1=" " ind2=" ">
    <subfield code="b">Macmillan Publishing Company</subfield>
  </datafield>
  <datafield tag="300" ind1=" " ind2=" ">
    <subfield code="a">546</subfield>
  </datafield>
  <datafield tag="520" ind1=" " ind2=" ">
    <subfield code="a">PART I  INTRODUCTION
Chapter 1 Textiles &amp; Apparel as an International Sector
PART II AN OVERVIEW : HISTORY , THE INTERNATIONAL SETTING, THEORY
Chapter 2 Historical Perspective
Chapter 3 The International Setting &#x2013; An Overview
Chapter 4 Theoretical Perspective
PART III TEXTILES AND APPAREL IN THE INTERNATIONAL ECONOMY
Chapter 5 An Overview of the Global Textile Complex
Chapter 6 Global Patterns of Textile and Apparel Trade
PART IV THE U.S. TEXTILE COMPLEX IN THE INTERNATIONAL ECONOMY 
Chapter 7 An Overview of the U.S. Textile Complex 
Chapter 8 The U.S. Textile Industry
Chapter 9 The U.S. Apparel Industry
PART V MANAGING TEXTILE &amp; APPAREL TRADE IN THE INTERNATIONAL ECONOMY
Chapter 10 Textiles and Apparel Trade Policies
Chapter 11 Structures for Facilitating and Managing Textile and Apparel Trade
PART VI BALANCING CONFLICTING INTERESTS IN TEXTILE AND APPAREL TRADE
Chapter 12 The Interests of Industry and Labor in Textile and Apparel Trade
Chapter 13 The Interests of Retailers and Importers in Textile and Apparel Trade
Chapter 14 The Interests of Consumers in textile and Apparel Trade
Chapter 15 Policymaker and Textile/Apparel Trade
PART VII CONCLUSION
Chapter 16 Conclusions: A Problem with No Answers


</subfield>
  </datafield>
  <datafield tag="650" ind1=" " ind2=" ">
    <subfield code="a">Textile</subfield>
    <subfield code="9">180666</subfield>
  </datafield>
  <datafield tag="906" ind1=" " ind2=" ">
    <subfield code="a">402</subfield>
  </datafield>
  <datafield tag="942" ind1=" " ind2=" ">
    <subfield code="c">BK</subfield>
  </datafield>
  <datafield tag="999" ind1=" " ind2=" ">
    <subfield code="c">5133</subfield>
    <subfield code="d">5133</subfield>
  </datafield>
  <datafield tag="952" ind1=" " ind2=" ">
    <subfield code="0">0</subfield>
    <subfield code="1">0</subfield>
    <subfield code="4">0</subfield>
    <subfield code="7">0</subfield>
    <subfield code="a">SOFT</subfield>
    <subfield code="b">SOFT</subfield>
    <subfield code="d">2001-02-04</subfield>
    <subfield code="g">1400.00</subfield>
    <subfield code="l">0</subfield>
    <subfield code="o">746</subfield>
    <subfield code="p">SOFT-BK-401</subfield>
    <subfield code="r">2022-07-08 00:00:00</subfield>
    <subfield code="v">1400.00</subfield>
    <subfield code="w">2022-07-08</subfield>
    <subfield code="y">BK</subfield>
    <subfield code="z">000401</subfield>
  </datafield>
</record>
